[Event "42nd Olympiad 2016"]
[Site "Baku AZE"]
[Date "2016.09.09"]
[Round "7.35"]
[Board "2"]
[White "Ladva, Ottomar"]
[Black "De La Riva Aguado, Oscar"]
[Result "1/2-1/2"]
[WhiteTitle "IM"]
[BlackTitle "GM"]
[WhiteElo "2501"]
[BlackElo "2503"]
[WhiteTeam "Estonia"]
[BlackTeam "Andorra"]
[WhiteFideId "4500024"]
[BlackFideId "6900224"]
[EventDate "2016.09.02"]

1. d4 f5 2. g3 g6 3. Bg2 Bg7 4. Nf3 Nf6 5. O-O O-O 6. c4 d6 7. Nc3 c6 8. Rb1 a5
9. Qb3 Kh8 10. Rd1 Na6 11. Be3 Rb8 12. d5 c5 13. Ng5 h6 14. Ne6 Bxe6 15. dxe6
Qc8 16. Nd5 Qxe6 17. Qb6 Nxd5 18. Bxd5 Qc8 19. a3 Nc7 20. Bg2 Ne6 21. Qxa5 f4
22. Bc1 Nd4 23. Qe1 Qe6 24. Bd5 Qxe2 25. Bxf4 g5 26. Be3 Nf3+ 27. Bxf3 Qxf3 28.
b4 b6 29. a4 Qg4 30. Rdc1 Qd7 31. a5 bxa5 32. bxa5 Qa4 33. Rxb8 Rxb8 34. Bd2 Qa2
35. Bc3 Bxc3 36. Qxc3+ Kg8 37. Qe3 Rf8 38. Qe6+ Rf7 39. Qg6+ Rg7 40. Qe8+ Kh7
41. Qa8 Rf7 42. Qe4+ Kg7 43. Qe1 e5 44. Rd1 Rd7 45. Qc3 Rf7 46. Rd2 Qb1+ 47. Kg2
Qe4+ 48. f3 Qe1 49. Rc2 Qd1 50. Rf2 Qa4 51. Qd2 Qxc4 52. Qxd6 Qd4 53. Qc6 g4 54.
a6 c4 55. f4 exf4 56. gxf4 h5 57. f5 h4 58. Qg6+ Kf8 59. Qh6+ Kg8 60. Qf4 h3+
61. Kg1 Qa1+ 62. Rf1 Qxa6 63. Qg5+ Kh7 64. Qh5+ Kg8 65. Qg5+ Kh7 66. Qh5+ 1/2-1/2

[Event "42nd Olympiad 2016"]
[Site "Baku AZE"]
[Date "2016.09.09"]
[Round "7.35"]
[Board "3"]
[White "Garcia Paolicchi, Raul"]
[Black "Seeman, Tarvo"]
[Result "0-1"]
[WhiteTitle "FM"]
[BlackTitle "IM"]
[WhiteElo "2153"]
[BlackElo "2407"]
[WhiteTeam "Andorra"]
[BlackTeam "Estonia"]
[WhiteFideId "6900020"]
[BlackFideId "4500547"]
[EventDate "2016.09.02"]

1. d4 Nf6 2. c4 g6 3. Nc3 Bg7 4. e4 d6 5. h3 O-O 6. Bg5 a5 7. Nf3 Na6 8. Be2 h6
9. Be3 e5 10. d5 Nc5 11. Nd2 Bd7 12. g4 a4 13. a3 c6 14. Bxc5 dxc5 15. Qc2 cxd5
16. cxd5 Ne8 17. O-O-O Bf6 18. Kb1 Bg5 19. Nf3 Bf4 20. Bb5 Bxb5 21. Nxb5 Nd6 22.
Nc3 b5 23. Ne2 Qf6 24. h4 b4 25. g5 Bxg5 26. Nxg5 hxg5 27. hxg5 Qf3 28. Ng3 Rfb8
29. Rd3 Qf4 30. Re3 bxa3 31. Rxa3 c4 32. Qe2 Rb3 33. Rxb3 axb3 34. Qe3 Qxe3 35.
fxe3 c3 36. bxc3 Ra2 37. Re1 Nb5 0-1

[Event "42nd Olympiad 2016"]
[Site "Baku AZE"]
[Date "2016.09.09"]
[Round "7.35"]
[Board "4"]
[White "Jezov, Roman"]
[Black "Jose Queralto, Daniel"]
[Result "1-0"]
[WhiteTitle "FM"]
[BlackTitle "CM"]
[WhiteElo "2283"]
[BlackElo "2107"]
[WhiteTeam "Estonia"]
[BlackTeam "Andorra"]
[WhiteFideId "4502078"]
[BlackFideId "6900089"]
[EventDate "2016.09.02"]

1. Nf3 d5 2. c4 dxc4 3. e3 e6 4. Bxc4 Nf6 5. O-O c5 6. Qe2 Nc6 7. Rd1 Be7 8. Nc3
O-O 9. d4 cxd4 10. Nxd4 Nxd4 11. exd4 Re8 12. Qf3 Qc7 13. Bb5 Bd7 14. Bf4 Bd6
15. Be5 Qb6 16. Bd3 Be7 17. Ne4 Nxe4 18. Bxe4 f6 19. Bxb7 Rad8 20. Bf4 Bb5 21.
a4 Bc4 22. Qc6 Qb4 23. Ba6 Bxa6 24. Qxe6+ Kf8 25. Qxa6 Rxd4 26. Be3 Rxd1+ 27.
Rxd1 Qxb2 28. Qxa7 Qc2 29. Rc1 Rd8 30. h3 Rd1+ 31. Rxd1 Qxd1+ 32. Kh2 Bd6+ 33.
g3 Qd5 34. a5 h5 35. h4 Qc4 36. Qd4 Qc6 37. Qb6 Qd5 38. a6 1-0

[Event "42nd Olympiad 2016"]
[Site "Baku AZE"]
[Date "2016.09.09"]
[Round "7.36"]
[Board "1"]
[White "Djukic, Nikola"]
[Black "Hernandez Guerrero, Gilberto"]
[Result "1/2-1/2"]
[WhiteTitle "GM"]
[BlackTitle "GM"]
[WhiteElo "2534"]
[BlackElo "2506"]
[WhiteTeam "Montenegro"]
[BlackTeam "Mexico"]
[WhiteFideId "922412"]
[BlackFideId "5100011"]
[EventDate "2016.09.02"]

1. e4 c5 2. Nf3 Nc6 3. d4 cxd4 4. Nxd4 e5 5. Nb5 d6 6. N1c3 a6 7. Na3 Be7 8. Nc4
b5 9. Ne3 Nf6 10. a3 O-O 11. g3 Be6 12. Bg2 Nd4 13. O-O Rc8 14. f4 a5 15. Ncd5
Bxd5 16. exd5 b4 17. axb4 axb4 18. Bd2 Qb6 19. Kh1 Qc5 20. c3 bxc3 21. Bxc3 Rfe8
22. fxe5 dxe5 23. Bxd4 Qxd4 24. Qxd4 exd4 25. Nf5 Bc5 26. Rac1 g6 27. b4 Bxb4
28. Rxc8 Rxc8 29. Nxd4 Kg7 30. Bf3 Rc3 31. Rd1 Bc5 32. Kg2 Ne8 33. Ne2 Rc2 34.
Rc1 Rxc1 1/2-1/2

[Event "42nd Olympiad 2016"]
[Site "Baku AZE"]
[Date "2016.09.09"]
[Round "7.36"]
[Board "2"]
[White "Cofre Archibold, Nestor"]
[Black "Kosic, Dragan"]
[Result "1/2-1/2"]
[WhiteTitle "FM"]
[BlackTitle "GM"]
[WhiteElo "2255"]
[BlackElo "2517"]
[WhiteTeam "Mexico"]
[BlackTeam "Montenegro"]
[WhiteFideId "5122279"]
[BlackFideId "900290"]
[EventDate "2016.09.02"]

1. e4 e6 2. d4 d5 3. Nc3 Nf6 4. Bg5 dxe4 5. Nxe4 Be7 6. Bxf6 gxf6 7. Nf3 b6 8.
Bb5+ c6 9. Bd3 Bb7 10. Qe2 Nd7 11. a4 Qc7 12. O-O Qf4 13. a5 O-O 14. a6 Bc8 15.
Ng3 Bd8 16. Rfe1 b5 17. c4 bxc4 18. Be4 Rb8 19. Qxc4 f5 20. Bxc6 Rxb2 21. Qc3
Rb6 22. Ra4 Nf6 23. Ne5 Rxa6 24. Rxa6 Bxa6 25. Ra1 Bc8 26. Rxa7 Bb6 27. Ra4 Rd8
28. Nf3 Qd6 29. Qc1 Qf8 30. h3 h6 31. Ra8 Bd7 32. Rxd8 Bxd8 33. Bxd7 Nxd7 34. d5
Nf6 35. dxe6 fxe6 36. Qc8 Qd6 37. Qc1 Kh7 38. Qa1 1/2-1/2

[Event "42nd Olympiad 2016"]
[Site "Baku AZE"]
[Date "2016.09.09"]
[Round "7.36"]
[Board "3"]
[White "Blagojevic, Dragisa"]
[Black "Garcia Guerrero, Isaac Antonio"]
[Result "1-0"]
[WhiteTitle "GM"]
[BlackTitle "FM"]
[WhiteElo "2482"]
[BlackElo "2308"]
[WhiteTeam "Montenegro"]
[BlackTeam "Mexico"]
[WhiteFideId "900885"]
[BlackFideId "5110475"]
[EventDate "2016.09.02"]

1. d4 Nf6 2. c4 e6 3. Nf3 d5 4. g3 dxc4 5. Bg2 Bb4+ 6. Bd2 c5 7. Bxb4 cxb4 8.
Ne5 O-O 9. Nxc4 Nc6 10. e3 e5 11. dxe5 Qxd1+ 12. Kxd1 Ng4 13. Ke2 Ngxe5 14. Nbd2
Bg4+ 15. f3 Bf5 16. e4 Bd7 17. Rac1 Rad8 18. Rhd1 f5 19. Nd6 Nd4+ 20. Ke3 Ba4
21. Kxd4 Rxd6+ 22. Kxe5 Rfd8 23. b3 Rxd2 24. Rxd2 Rxd2 25. Rc8+ Kf7 26. Bf1 Bd7
27. Bc4+ Ke7 28. Rc7 fxe4 29. fxe4 Kd8 30. Rxb7 Rxh2 31. Rxa7 Rh6 32. Kd4 Rg6
33. e5 h5 34. Bf7 Rh6 35. Kd5 Bc6+ 36. Kc5 Bd7 37. Kd5 Bc6+ 38. Kc5 Bd7 39. Kxb4
g5 40. Kc5 h4 41. gxh4 gxh4 42. e6 Bxe6 43. Bxe6 Rxe6 44. Rh7 Re2 45. a4 Rh2 46.
a5 h3 47. Kb6 Rh1 48. a6 h2 49. a7 1-0

[Event "42nd Olympiad 2016"]
[Site "Baku AZE"]
[Date "2016.09.09"]
[Round "7.36"]
[Board "4"]
[White "Flores Guerrero, Jesus Ald"]
[Black "Kalezic, Blazo"]
[Result "0-1"]
[WhiteTitle "IM"]
[BlackTitle "IM"]
[WhiteElo "2345"]
[BlackElo "2457"]
[WhiteTeam "Mexico"]
[BlackTeam "Montenegro"]
[WhiteFideId "5124247"]
[BlackFideId "921815"]
[EventDate "2016.09.02"]

1. b3 d5 2. Bb2 Bg4 3. f3 Bf5 4. e3 e6 5. f4 Nf6 6. Nf3 Nbd7 7. Be2 h6 8. O-O c6
9. Ne5 Nxe5 10. Bxe5 h5 11. c4 Ng4 12. Qe1 Nxe5 13. fxe5 d4 14. Qf2 dxe3 15.
dxe3 Qa5 16. Qf4 g5 17. Qd4 Bc5 18. Qb2 Bxe3+ 19. Kh1 Rd8 20. b4 Qc7 21. Rxf5
exf5 22. e6 Bd4 23. exf7+ Kxf7 24. Nc3 Qe5 25. Rf1 Bxc3 26. Qc2 f4 27. Bd3 h4
28. Bh7 Qf6 29. h3 Rd2 30. Qb1 Kg7 31. Be4 g4 32. hxg4 h3 33. g3 fxg3 34. Rxf6
g2+ 0-1

[Event "42nd Olympiad 2016"]
[Site "Baku AZE"]
[Date "2016.09.09"]
[Round "7.37"]
[Board "1"]
[White "Abdyjapar, Asyl"]
[Black "Munoz Santana, Jose Lisandro"]
[Result "1-0"]
[WhiteTitle "IM"]
[BlackTitle "IM"]
[WhiteElo "2390"]
[BlackElo "2439"]
[WhiteTeam "Kyrgyzstan"]
[BlackTeam "Dominican Republic"]
[WhiteFideId "13800337"]
[BlackFideId "6400361"]
[EventDate "2016.09.02"]

1. d4 Nf6 2. c4 e6 3. Nc3 Bb4 4. Qc2 O-O 5. a3 Bxc3+ 6. Qxc3 b6 7. Bg5 Bb7 8. f3
d6 9. e3 Nbd7 10. Bd3 h6 11. Bh4 e5 12. Ne2 e4 13. fxe4 g5 14. Bg3 Nxe4 15. Qc2
Qe7 16. O-O Nxg3 17. Nxg3 Qxe3+ 18. Kh1 Qxd4 19. Rad1 Qh8 20. Nh5 Rae8 21. Bf5
Ne5 22. Bh7+ 1-0

[Event "42nd Olympiad 2016"]
[Site "Baku AZE"]
[Date "2016.09.09"]
[Round "7.37"]
[Board "2"]
[White "Dominguez, Jose Manuel"]
[Black "Markov, Mikhail KGZ"]
[Result "0-1"]
[WhiteTitle "IM"]
[BlackTitle "IM"]
[WhiteElo "2273"]
[BlackElo "2433"]
[WhiteTeam "Dominican Republic"]
[BlackTeam "Kyrgyzstan"]
[WhiteFideId "6400124"]
[BlackFideId "13800698"]
[EventDate "2016.09.02"]

1. d4 Nf6 2. Nf3 e6 3. Bf4 c5 4. e3 Nc6 5. Nbd2 d5 6. c3 Bd6 7. Bg3 O-O 8. Bd3
Re8 9. Ne5 Bxe5 10. dxe5 Nd7 11. Qb1 Ndxe5 12. Bxh7+ Kh8 13. Bc2 d4 14. Qd1 Kg8
15. Bxe5 Nxe5 16. Qh5 f5 17. exd4 cxd4 18. cxd4 g6 19. Qh6 Qxd4 20. O-O-O Qg4
21. h3 Qh5 22. Qe3 Nf7 23. g4 Qh6 24. f4 e5 25. Ba4 Re7 26. g5 Qf8 27. h4 Be6
28. Kb1 b5 29. Bb3 Bxb3 30. Qxb3 exf4 31. h5 Re3 32. Qd5 Rd8 33. Qg2 Rg3 34. Qc6
Qd6 35. Qxb5 Qd3+ 36. Qxd3 Rgxd3 37. hxg6 Ne5 38. Rde1 R8d5 39. Nb3 f3 40. Rhf1
f4 41. Kc2 Ng4 42. Nc1 Rd2+ 43. Kc3 f2 44. Re8+ Kg7 45. Ne2 R5d3+ 46. Kb4 Re3
47. Rxe3 fxe3 0-1

[Event "42nd Olympiad 2016"]
[Site "Baku AZE"]
[Date "2016.09.09"]
[Round "7.37"]
[Board "3"]
[White "Tologontegin, Semetey"]
[Black "Abreu Jean, Carlos Paul"]
[Result "1-0"]
[WhiteTitle "IM"]
[BlackTitle "FM"]
[WhiteElo "2350"]
[BlackElo "2326"]
[WhiteTeam "Kyrgyzstan"]
[BlackTeam "Dominican Republic"]
[WhiteFideId "13800574"]
[BlackFideId "6405525"]
[EventDate "2016.09.02"]

1. d4 Nf6 2. c4 c5 3. d5 b5 4. cxb5 a6 5. bxa6 g6 6. Nc3 Bg7 7. e4 O-O 8. Nf3
Qa5 9. Nd2 Bxa6 10. Be2 d6 11. O-O Nbd7 12. a4 Bxe2 13. Qxe2 Rfb8 14. Nc4 Qa6
15. Ra3 Rb4 16. Nb5 Ne8 17. b3 Nb6 18. Nxb6 Qxb6 19. Qc2 Nc7 20. Nxc7 Qxc7 21.
Bd2 Rb7 22. Rc1 Qb8 23. Rb1 Qc8 24. Qc4 f5 25. a5 Bd4 26. Qd3 fxe4 27. Qxe4 Qf5
28. Qxf5 gxf5 29. Kf1 Rb5 30. Ke2 Kf7 31. Kd3 e6 32. Kc4 Rbb8 33. f4 e5 34. fxe5
dxe5 35. Rf1 Kf6 36. g3 Rg8 37. b4 Rg4 38. Kb5 cxb4 39. Raf3 Rb8+ 40. Kc6 f4 41.
gxf4 e4 42. Rb3 Rc8+ 43. Kb5 Rc5+ 44. Kxb4 Rxd5 45. Kc4 Rd7 46. a6 Rg2 47. Rb7
Rd6 48. Bb4 Rc2+ 49. Kb5 Rd5+ 50. Ka4 Ra2+ 51. Kb3 Rxa6 52. Kc4 Rh5 53. Kxd4
Rxh2 54. Kxe4 Ra4 55. Rc1 Ra6 56. Be7+ Kf7 57. Bh4+ Kg6 58. Rg1+ 1-0

[Event "42nd Olympiad 2016"]
[Site "Baku AZE"]
[Date "2016.09.09"]
[Round "7.37"]
[Board "4"]
[White "Guzman, Christopher"]
[Black "Taalaibekov, Tagir"]
[Result "0-1"]
[WhiteTitle "CM"]
[WhiteElo "2259"]
[BlackElo "2223"]
[WhiteTeam "Dominican Republic"]
[BlackTeam "Kyrgyzstan"]
[WhiteFideId "6405096"]
[BlackFideId "13801163"]
[EventDate "2016.09.02"]

1. e4 c5 2. Nf3 e6 3. d4 cxd4 4. Nxd4 Nc6 5. Nc3 Nf6 6. Ndb5 d6 7. Bf4 e5 8. Bg5
a6 9. Na3 b5 10. Nd5 Be7 11. Bxf6 Bxf6 12. c3 O-O 13. Nc2 Bg5 14. a4 Rb8 15.
axb5 axb5 16. Bd3 Be6 17. Ncb4 Nxb4 18. Nxb4 Qd7 19. O-O g6 20. Qe2 Bd8 21. Kh1
f5 22. Ra6 fxe4 23. Bxe4 Rb6 24. Rxb6 Bxb6 25. f3 Bc5 26. Bc6 Qc7 27. Bd5 Bxd5
28. Nxd5 Qf7 29. Rd1 Rb8 30. b4 Ba7 31. Qd3 Kg7 32. g3 Rc8 33. Kg2 Rc4 34. Ne3
Bxe3 35. Qxe3 Qc7 36. Rd3 Kf6 37. h4 Ke6 38. h5 Kf6 39. hxg6 hxg6 40. Qd2 Rc6
41. f4 e4 42. Re3 Rc4 43. Qd5 Qc6 44. Qg5+ Kf7 45. f5 gxf5 46. Qxf5+ Ke7 47. g4
Kd8 48. g5 Qd7 49. Qf8+ Kc7 50. Kg3 Kb7 51. g6 Rc8 52. Qf6 d5 53. Kf4 Rc6 54.
Qf5 Qd8 55. Kg4 Rf6 56. Qg5 Qd7+ 57. Kh4 Qe6 58. Rg3 Rf5 59. Qe3 Rf1 60. Qe2
Rh1+ 61. Kg5 Qe5+ 62. Kg4 Qh5+ 63. Kf4 Qxe2 64. g7 Qf2+ 0-1

[Event "42nd Olympiad 2016"]
[Site "Baku AZE"]
[Date "2016.09.09"]
[Round "7.38"]
[Board "1"]
[White "Kulashko, Alexei"]
[Black "Solomon, Kenny"]
[Result "0-1"]
[WhiteTitle "FM"]
[BlackTitle "GM"]
[WhiteElo "2348"]
[BlackElo "2371"]
[WhiteTeam "New Zealand"]
[BlackTeam "South Africa"]
[WhiteFideId "4300599"]
[BlackFideId "14300192"]
[EventDate "2016.09.02"]

1. e4 g6 2. d4 Bg7 3. Nc3 d6 4. Nf3 a6 5. Be3 b5 6. a4 b4 7. Nd5 a5 8. Bc4 e6 9.
Nf4 Ne7 10. O-O O-O 11. Bb3 c6 12. Nd3 Ba6 13. Qd2 Nd7 14. Ng5 d5 15. Nf4 Bxf1
16. Rxf1 Nf6 17. f3 Qc8 18. e5 Nd7 19. g4 c5 20. c3 bxc3 21. bxc3 Rb8 22. Bc2
cxd4 23. cxd4 Rb2 24. Rc1 Qc4 25. Bd3 Qa2 26. Qxa5 h6 27. Ngh3 Qb3 28. Qb5 Nb8
29. Qxb3 Rxb3 30. Nf2 Nbc6 31. Kg2 Ra8 32. Ra1 Nb4 33. Bd2 Nxd3 34. N4xd3 Nc6
35. Be3 Bf8 36. Kf1 Na5 37. Ke2 Nc4 38. Bc1 g5 39. f4 gxf4 40. Bxf4 Kh7 41. h4
Ra3 42. Rg1 R3xa4 43. h5 Ra2+ 44. Kf3 R8a3 45. Rg3 Be7 46. Bc1 Rc3 47. Rh3 Rac2
48. Bf4 Nb2 49. g5 Nxd3 50. g6+ Kg8 51. gxf7+ Kxf7 0-1

[Event "42nd Olympiad 2016"]
[Site "Baku AZE"]
[Date "2016.09.09"]
[Round "7.38"]
[Board "2"]
[White "Cawdery, Daniel"]
[Black "Wastney, Scott"]
[Result "1/2-1/2"]
[WhiteTitle "IM"]
[BlackTitle "FM"]
[WhiteElo "2416"]
[BlackElo "2312"]
[WhiteTeam "South Africa"]
[BlackTeam "New Zealand"]
[WhiteFideId "14300249"]
[BlackFideId "4300513"]
[EventDate "2016.09.02"]

1. e4 e5 2. Nf3 Nc6 3. Bc4 Nf6 4. Ng5 d5 5. exd5 Na5 6. Bb5+ c6 7. dxc6 bxc6 8.
Bd3 Ng4 9. Ne4 f5 10. Be2 h5 11. h3 fxe4 12. hxg4 Bc5 13. b4 Qd4 14. bxc5 O-O
15. O-O Qxa1 16. Nc3 e3 17. gxh5 exf2+ 18. Rxf2 Rxf2 19. Kxf2 Be6 20. Ba3 Qxd1
21. Bxd1 Rf8+ 22. Kg3 g6 23. d3 gxh5 24. Bxh5 Nb7 25. Bf3 Rc8 26. Bb4 Nd8 27. a3
Nf7 28. Ne4 Kg7 29. Bc3 Kg6 30. Nd6 Nxd6 31. cxd6 Kf6 32. d4 Bf5 33. dxe5+ Ke6
34. Kf4 c5 35. Be2 Rf8 36. Bc4+ Kd7 37. Bb5+ Kc8 38. Ke3 Rg8 39. Bc6 Bd7 40. Bf3
Be6 41. Be1 Kd7 42. Bf2 Rb8 43. Kd2 Rb5 44. Be2 Ra5 45. Kc3 Rxa3+ 46. Kb2 Ra2+
47. Kb1 Ra3 48. Bxc5 Rg3 49. Bf3 Bh3 50. Bd5 Be6 51. Be4 Rg5 52. Bxa7 Rxe5 53.
Bd3 Rg5 54. Be3 Rxg2 1/2-1/2

[Event "42nd Olympiad 2016"]
[Site "Baku AZE"]
[Date "2016.09.09"]
[Round "7.38"]
[Board "3"]
[White "Dive, Russell John"]
[Black "Van den Heever, Donovan"]
[Result "0-1"]
[WhiteTitle "IM"]
[BlackTitle "IM"]
[WhiteElo "2309"]
[BlackElo "2247"]
[WhiteTeam "New Zealand"]
[BlackTeam "South Africa"]
[WhiteFideId "4300106"]
[BlackFideId "14300494"]
[EventDate "2016.09.02"]

1. Nf3 Nf6 2. c4 c6 3. g3 d5 4. Bg2 Bf5 5. b3 e6 6. O-O h6 7. d3 Be7 8. Nbd2 O-O
9. Bb2 Nbd7 10. a3 a5 11. Rc1 Bh7 12. Rc2 Ne8 13. Qa1 Bf6 14. Rd1 Qe7 15. Ne1
Bxb2 16. Qxb2 Nef6 17. b4 axb4 18. axb4 Ra4 19. Rb1 Rfa8 20. h3 dxc4 21. Rxc4
Nd5 22. b5 Ra2 23. Qc1 c5 24. Rc2 Qf6 25. Nb3 b6 26. Rbb2 Rxb2 27. Qxb2 Qxb2 28.
Rxb2 Ra4 29. Nd2 Kf8 30. Nc2 0-1

[Event "42nd Olympiad 2016"]
[Site "Baku AZE"]
[Date "2016.09.09"]
[Round "7.38"]
[Board "4"]
[White "Klaasen, Calvin Jong"]
[Black "Hague, Ben"]
[Result "1/2-1/2"]
[WhiteTitle "FM"]
[BlackTitle "FM"]
[WhiteElo "2177"]
[BlackElo "2341"]
[WhiteTeam "South Africa"]
[BlackTeam "New Zealand"]
[WhiteFideId "14300133"]
[BlackFideId "405647"]
[EventDate "2016.09.02"]

1. d4 Nf6 2. c4 e6 3. Nf3 Bb4+ 4. Bd2 a5 5. g3 d5 6. Bg2 dxc4 7. Qc2 O-O 8. O-O
b5 9. a4 Bxd2 10. Nfxd2 Ra7 11. axb5 Qxd4 12. Nxc4 Qc5 13. Nca3 Nbd7 14. Rc1 Qb4
15. Nc3 Nb6 16. Ne4 Nxe4 17. Bxe4 h6 18. Rab1 Bb7 19. Bxb7 Rxb7 20. Qc6 Rfb8 21.
Rc2 Nd5 22. Rc4 Qd2 23. Rc2 Qd4 24. Qc4 Qe5 25. Rd2 Nf6 26. Rbd1 Ne4 27. Rd8+
Kh7 28. Rxb8 Rxb8 29. Rd7 Nd6 30. Qd3+ f5 31. Rxc7 Nxb5 32. Nxb5 Rxb5 33. Qc3
Qxc3 1/2-1/2

[Event "42nd Olympiad 2016"]
[Site "Baku AZE"]
[Date "2016.09.09"]
[Round "7.39"]
[Board "1"]
[White "Wynn, Zaw Htun"]
[Black "Al-Modiahki, Mohamad"]
[Result "0-1"]
[WhiteTitle "IM"]
[BlackTitle "GM"]
[WhiteElo "2407"]
[BlackElo "2550"]
[WhiteTeam "Myanmar"]
[BlackTeam "Qatar"]
[WhiteFideId "13002783"]
[BlackFideId "12100030"]
[EventDate "2016.09.02"]

1. Nf3 g6 2. e4 c5 3. d3 Bg7 4. g3 Nc6 5. Bg2 e6 6. O-O Nge7 7. Re1 d5 8. Nbd2
O-O 9. Qe2 b6 10. e5 h6 11. h4 f6 12. exf6 Rxf6 13. Nf1 Rf7 14. N3h2 Qf8 15. c3
Bd7 16. Bd2 Re8 17. Ne3 Kh8 18. Rf1 Bc8 19. Rab1 Ba6 20. Rfd1 Ne5 21. Be1 Nf5
22. Nc2 c4 23. d4 Nd3 24. Nf3 e5 25. Nxe5 Bxe5 26. dxe5 Rxe5 27. Qd2 Rfe7 28.
Bf1 Nd6 29. f4 Ne4 30. Qh2 R5e6 31. Nb4 Nec5 32. Bf2 Nxb4 33. cxb4 Nd3 34. Bd4+
Kh7 35. b3 Re4 36. Ba1 Bb7 37. h5 Qf5 38. Bc3 b5 39. hxg6+ Qxg6 40. Rxd3 cxd3
41. Bxd3 d4 42. f5 Qf6 43. Bd2 Re3 44. Bxe3 Rxe3 45. Rd1 Qe5 46. f6+ Rxd3 0-1

[Event "42nd Olympiad 2016"]
[Site "Baku AZE"]
[Date "2016.09.09"]
[Round "7.39"]
[Board "2"]
[White "Nezad, Husein Aziz"]
[Black "Myint, Han"]
[Result "1-0"]
[WhiteTitle "IM"]
[WhiteElo "2427"]
[BlackElo "2289"]
[WhiteTeam "Qatar"]
[BlackTeam "Myanmar"]
[WhiteFideId "12100293"]
[BlackFideId "13000322"]
[EventDate "2016.09.02"]

1. d4 Nf6 2. c4 g6 3. Nc3 Bg7 4. e4 d6 5. Nf3 O-O 6. Be2 e5 7. O-O Nc6 8. d5 Ne7
9. b4 Nh5 10. g3 f5 11. Ng5 Nf6 12. Bf3 Kh8 13. Bg2 fxe4 14. Ncxe4 Nxe4 15. Nxe4
h6 16. c5 Nf5 17. a4 b6 18. Ba3 Rf7 19. Rc1 bxc5 20. bxc5 Ba6 21. Re1 Bf8 22.
Qg4 Kh7 23. f4 exf4 24. Qxf4 Bg7 25. Qd2 Rb8 26. cxd6 cxd6 27. Rc6 Rb3 28. Nxd6
Nxd6 29. Rxd6 Qb8 30. Rxa6 Rxa3 31. Be4 Rxg3+ 32. hxg3 Qxg3+ 33. Bg2 Bd4+ 34.
Qxd4 Qxe1+ 35. Kh2 Kg8 36. Rxg6+ 1-0

[Event "42nd Olympiad 2016"]
[Site "Baku AZE"]
[Date "2016.09.09"]
[Round "7.39"]
[Board "3"]
[White "Sie, Thu"]
[Black "Zhu, Chen"]
[Result "0-1"]
[BlackTitle "GM"]
[WhiteElo "2148"]
[BlackElo "2418"]
[WhiteTeam "Myanmar"]
[BlackTeam "Qatar"]
[WhiteFideId "13002767"]
[BlackFideId "8600546"]
[EventDate "2016.09.02"]

1. e4 c5 2. Nc3 d6 3. f4 g6 4. Nf3 Bg7 5. Bb5+ Bd7 6. Bc4 Nc6 7. O-O e6 8. d3
Nge7 9. Bb3 O-O 10. Qe1 Nd4 11. Nxd4 cxd4 12. Ne2 a5 13. a4 Qb6 14. Qh4 Rae8 15.
Ng3 f5 16. exf5 Nxf5 17. Nxf5 gxf5 18. Bd2 Qc5 19. Rf3 Rf6 20. Rg3 Rg6 21. Re1
b6 22. Qh5 Rxg3 23. hxg3 d5 24. g4 Rf8 25. g5 Qc8 26. Qf3 Bc6 27. Qe2 Bd7 28.
Qf3 Bc6 29. Qe2 Bd7 30. Qf3 Rf7 31. Kf2 Bf8 32. Qh5 Rg7 33. Rh1 Be8 34. Qe2 Bd6
35. Ke1 Re7 36. Kd1 Bg6 37. Qf3 Qc5 38. Qf2 Ra7 39. Ke2 Bf8 40. g3 Bg7 41. Qf3
Be8 42. g4 Bg6 43. Kf2 fxg4 44. Qxg4 Bf5 45. Qh5 Kf8 46. Re1 Qd6 47. Re2 Rc7 48.
Ke1 Qd7 49. Rg2 Bg6 50. Qh3 Qf7 51. Rh2 Bf5 52. Qh5 Qd7 53. Rg2 Rc8 54. Qd1 Kg8
55. Qe2 b5 56. axb5 Qxb5 57. Bc1 Rc6 58. Qf3 a4 59. Ba2 Bxd3 60. g6 hxg6 61. Qf2
Rxc2 0-1

[Event "42nd Olympiad 2016"]
[Site "Baku AZE"]
[Date "2016.09.09"]
[Round "7.39"]
[Board "4"]
[White "Ghanem, Al Shamari"]
[Black "Maung, Maung Kyaw Zaw Hein"]
[Result "0-1"]
[WhiteElo "1574"]
[BlackElo "2031"]
[WhiteTeam "Qatar"]
[BlackTeam "Myanmar"]
[WhiteFideId "12100986"]
[BlackFideId "13001698"]
[EventDate "2016.09.02"]

1. d4 d5 2. Nf3 Nf6 3. Bf4 c5 4. e3 Nc6 5. Nc3 Bg4 6. Bb5 e6 7. h3 Bxf3 8. Qxf3
Rc8 9. O-O a6 10. Bxc6+ Rxc6 11. Rac1 cxd4 12. exd4 Qb6 13. Rfe1 Be7 14. b3 Qxd4
15. Be5 Qh4 16. Rcd1 O-O 17. Rd4 Qh5 18. g4 Qg6 19. Re2 Nd7 20. Bf4 Bf6 21. Rd3
Rfc8 22. Bd2 Ne5 23. Qe3 Nxd3 24. Nxd5 Rxc2 25. f4 Rxd2 26. Nxf6+ Qxf6 27. Rxd2
Nxf4 28. Qb6 Nxh3+ 29. Kg2 Nf4+ 30. Kg1 Rc1+ 31. Kf2 Nd5+ 0-1

[Event "42nd Olympiad 2016"]
[Site "Baku AZE"]
[Date "2016.09.09"]
[Round "7.40"]
[Board "1"]
[White "Saraci, Nderim"]
[Black "Amin, Bassem"]
[Result "1-0"]
[WhiteTitle "FM"]
[BlackTitle "GM"]
[WhiteElo "2337"]
[BlackElo "2661"]
[WhiteTeam "Kosovo"]
[BlackTeam "Egypt"]
[WhiteFideId "6351921"]
[BlackFideId "10601457"]
[EventDate "2016.09.02"]

1. Nf3 Nf6 2. g3 g6 3. b3 Bg7 4. Bb2 c5 5. c4 d6 6. Bg2 e5 7. O-O O-O 8. d3 Nc6
9. Nc3 h6 10. e3 Bf5 11. Qe2 Qd7 12. Nd2 Bh3 13. Nde4 Bxg2 14. Nxf6+ Bxf6 15.
Kxg2 Bg7 16. Nd5 f5 17. f4 Rae8 18. Rae1 Ne7 19. Nxe7+ Rxe7 20. e4 exf4 21. Bxg7
fxe4 22. dxe4 f3+ 23. Rxf3 Rxf3 24. Qxf3 Kxg7 25. Qc3+ Kh7 26. Qd3 b6 27. Rf1
Qe6 28. Rf4 a6 29. Qd5 Kg7 30. Qxe6 Rxe6 31. Kf3 b5 32. Ke3 bxc4 33. bxc4 Re7
34. Rf2 Rb7 35. Rd2 Rb6 36. e5 dxe5 37. Ke4 Kf6 38. Kd5 Ke7 39. Kxc5 Rf6 40. Rb2
Rf3 41. Kd5 Kf6 42. Rd2 Kf5 43. c5 e4 44. c6 Rc3 45. Rf2+ Kg5 46. Rf4 e3 47. h4+
Kh5 48. Re4 g5 49. Kd6 Rd3+ 50. Kc5 Rd2 51. Rxe3 Rxa2 52. hxg5 Rc2+ 53. Kb6 hxg5
54. Re5 Kg4 55. c7 Rb2+ 56. Kxa6 Ra2+ 57. Kb6 1-0